Países con tigres salvajes - Estadísticas

Estadísticas generales
  • Esta prueba ha sido intentada 3.496 veces
    3.299 desde el último reinicio
  • La puntuación promedio es 10 de 13
Estadísticas de respuestas
Población País % Correcto
2,226 India
97%
> 7 China
96%
189 Tailandia
83%
198 Nepal
80%
< 5 Vietnam
80%
371 Indonesia
79%
106 Bangladés
78%
2 Laos
78%
? Myanmar
74%
250 Malasia
73%
103 Bután
72%
433 Rusia
69%
? Corea del Norte
40%
No se encontraron pruebas coincidentes
Distribución de puntuación
Porcentaje de gente con cada puntuación
Porcentaje por número respondido
Historial de tus puntuaciones
No has intentado esta prueba desde el último reinicio